• 首页
  • 本馆介绍
  • 公告通知
  • 最新文献
  • 馆藏检索
  • 电子资源
  • 读者导购
  • 参考咨询
  • 我的图书馆
  • 登录
  • 详细信息显示
  • 放入我的书架
  • 预约/预借图书
  • 作者相关作品
  • 分类相关作品
  • 丛书相关作品
  • 出版社相关作品

书目信息

  • 表格格式
  • 工作单格式
  • 卡片格式
题名:
顾炎武
    
 
作者: 孙长来 著
分册:  
出版信息: 沈阳   辽海出版社  2016
页数: 231页
开本: 23cm
丛书名:
单 册:
中图分类: B249.15 , B249
科图分类:
主题词:
电子资源:
ISBN: 978-7-5451-3036-2
000 00748nam0 2200241 450
001 2335640792
005 20231117152101.76
010    @a978-7-5451-3036-2@dCNY30.00
100    @a20220929e2016 em y0chiy50 ea
101 0  @achi
102    @aCN@b210000
105    @ay z 000yd
200 1  @a顾炎武@Agu yan wu@f孙长来著
210    @a沈阳@c辽海出版社@d2016@h2019重印
215    @a231页@d23cm
300    @a中外巨人传
330    @a本书分为顾炎武生活之时代、顾炎武的生平事迹、顾炎武的思想、顾炎武思想的历史地位和历史命运四章,对顾炎武的人物及生平进行介绍。
600  0 @a顾炎武@f(1613-1682)@x生平事迹
690    @aB249.15@v5
690    @aB249@v4
701  0 @a孙长来@Asun chang lai@4著
801  0 @aCN@b91MARC@c20221212
905    @aZUCC@dB249@e7
    
    顾炎武/孙长来著.-沈阳:辽海出版社,2016(2019重印)
    231页;23cm
    中外巨人传
    
    ISBN 978-7-5451-3036-2:CNY30.00
    本书分为顾炎武生活之时代、顾炎武的生平事迹、顾炎武的思想、顾炎武思想的历史地位和历史命运四章,对顾炎武的人物及生平进行介绍。
●
相关链接 在五车中查询图书 在当当中查询图书 在豆瓣中查询图书


正题名:顾炎武     索取号:B249/7         预约/预借

序号 登录号 条形码 馆藏地/架位号 状态 备注
1 2000990388   2000990388   辽宁一、悦读混合/辽宁北配(第三批)/辽批66/ [索取号:B249/7] 在馆    
2 2000990389   2000990389   辽宁一、悦读混合/辽宁北配(第三批)/辽批66/ [索取号:B249/7] 在馆    
3 2000990390   2000990390   辽宁一、悦读混合/辽宁北配(第三批)/辽批66/ [索取号:B249/7] 在馆    
4 2000990391   2000990391   辽宁一、悦读混合/辽宁北配(第三批)/辽批66/ [索取号:B249/7] 在馆    
5 2000990392   2000990392   辽宁一、悦读混合/辽宁北配(第三批)/辽批66/ [索取号:B249/7] 在馆    
6 2000990393   2000990393   辽宁一、悦读混合/辽宁北配(第三批)/辽批66/ [索取号:B249/7] 在馆    
山东省滨州职业学院图书馆 欢迎您!
大连网信软件有限公司© 版权所有